[Event "Mombasa zt 4.2"]
[Site "Mombasa"]
[Date "2019.05.07"]
[Round "4"]
[White "Madol Panchol, James"]
[Black "Bibasa, Bob Gilbert"]
[Result "0-1"]
[WhiteElo "2004"]
[BlackElo "2122"]
[PlyCount "124"]
[EventDate "2019.05.05"]
[EventType "swiss"]
[EventRounds "9"]
[EventCountry "KEN"]
[SourceTitle "CBM 190 Extra"]
[Source "ChessBase"]
[SourceDate "2019.07.15"]
[SourceVersion "1"]
[SourceVersionDate "2019.07.15"]
[SourceQuality "1"]

1. e4 Nc6 2. d4 d5 3. e5 Bf5 4. c3 e6 5. Nd2 Nb8 6. Qb3 Qc8 7. c4 Ne7 8. Ngf3 Nd7 9. cxd5 Nxd5 10. Nh4 Bg6 11. Bc4 N7b6 12. 0-0 Be7 13. Nxg6 hxg6 14. Ne4 Nxc4 15. Qxc4 Qd7 16. Be3 Qc6 17. Qxc6+ bxc6 18. Bd2 Rb8 19. Rab1 Kd7 20. f4 Rb6 21. Rf3 Rhb8 22. b3 f5 23. exf6 gxf6 24. Rg3 Rg8 25. b4 a5 26. a3 axb4 27. axb4 Ke8 28. Rh3 Kf7 29. Rh7+ Rg7 30. Rxg7+ Kxg7 31. Nc5 Bxc5 32. dxc5 Ra6 33. Rb2 Ra3 34. Kf2 e5 35. fxe5 fxe5 36. Bg5 Kf7 37. g3 Ke6 38. Kg2 e4 39. Re2 Kf5 40. Bc1 Rb3 41. g4+ Ke5 42. Bb2+ Kf4 43. Bc1+ e3 44. Re1 Kxg4 45. Rf1 Nf4+ 46. Kg1 g5 47. Re1 Kf3 48. h4 gxh4 49. Rf1+ Kg3 50. Re1 Nd5 51. Kh1 Kf2 52. Rg1 e2 53. Rg2+ Kf3 54. Rg1 Ne3 55. Bd2 Nf1 56. Be1 Rb1 57. Bc3 Rc1 58. Bd2 e1Q 59. Bxe1 Rxe1 60. b5 cxb5 61. c6 h3 62. Rg8 Ng3+ 0-1

[Event "Mombasa zt 4.2"]
[Site "Mombasa"]
[Date "2019.05.06"]
[Round "3"]
[White "Ssegwanyi, Arthur"]
[Black "Madol Panchol, James"]
[Result "1-0"]
[WhiteElo "2353"]
[BlackElo "2004"]
[PlyCount "106"]
[EventDate "2019.05.05"]
[EventType "swiss"]
[EventRounds "9"]
[EventCountry "KEN"]
[SourceTitle "CBM 190 Extra"]
[Source "ChessBase"]
[SourceDate "2019.07.15"]
[SourceVersion "1"]
[SourceVersionDate "2019.07.15"]
[SourceQuality "1"]

1. e4 e6 2. d4 d5 3. Nc3 Nf6 4. e5 Nfd7 5. f4 c5 6. Nf3 Nc6 7. Be3 cxd4 8. Nxd4 Bc5 9. Qd2 0-0 10. 0-0-0 a6 11. Kb1 Qc7 12. Qf2 b5 13. Ndxb5 axb5 14. Bxc5 b4 15. Nb5 Qa5 16. Bxf8 Qxa2+ 17. Kc1 Kxf8 18. Bd3 b3 19. Nc3 Qa5 20. cxb3 Bb7 21. Na4 Nb4 22. Kb1 Bc6 23. Bc2 Bxa4 24. bxa4 Nc5 25. b3 Rb8 26. Qd4 Nc6 27. Qb2 Nxa4 28. Qa3+ Kg8 29. Kc1 Nc3 30. Qxa5 Nxa5 31. Rde1 d4 32. Kd2 g6 33. Kd3 Nc6 34. Ra1 Rd8 35. Kd2 Nb4 36. Bd3 Ncd5 37. g3 Rc8 38. Rhc1 Nc3 39. Ra7 Nc6 40. Ra6 Nb4 41. Rd6 Nbd5 42. Ra1 Rb8 43. Ra3 Rb7 44. Rda6 Nb4 45. Ra7 Rb6 46. Rd7 Nc6 47. Rd6 Kg7 48. Ra8 Nb4 49. Rc6 Nxc6 50. Rc8 Ne7 51. Rd8 Nc6 52. Rd6 Na5 53. Rxb6 g5 1-0

[Event "KEN-chT"]
[Site "Nairobi"]
[Date "2019.02.10"]
[Round "3.2"]
[White "Madol Panchol, James"]
[Black "Hongo, Victor Machel"]
[Result "0-1"]
[WhiteElo "1992"]
[BlackElo "1761"]
[PlyCount "108"]
[EventDate "2019.02.09"]
[EventType "team-tourn"]
[EventRounds "27"]
[EventCountry "KEN"]
[SourceTitle "CBM 192 Extra"]
[Source "Chessbase"]
[SourceDate "2019.11.06"]
[SourceVersion "1"]
[SourceVersionDate "2019.11.06"]
[SourceQuality "1"]
[WhiteTeam "Equity"]
[BlackTeam "Black Knights"]
[WhiteTeamCountry "KEN"]
[BlackTeamCountry "KEN"]

1. d4 Nf6 2. c4 e6 3. Nc3 Be7 4. e3 b6 5. f4 Bb7 6. Nf3 0-0 7. Bd3 d5 8. 0-0 c5 9. cxd5 exd5 10. Kh1 Nbd7 11. Ne5 a6 12. Bd2 b5 13. Rc1 c4 14. Bb1 b4 15. Ne2 a5 16. Ng3 Rc8 17. Nf5 Ba6 18. Rf3 Nxe5 19. fxe5 Ne4 20. Bxe4 dxe4 21. Rf4 Rc6 22. Qa4 Rg6 23. Nxe7+ Qxe7 24. Qxa5 Qg5 25. Rg1 Rh6 26. g4 c3 27. bxc3 Be2 28. Qd5 Bf3+ 29. Rxf3 exf3 30. Qxf3 bxc3 31. Bxc3 Ra6 32. Qe2 Rfa8 33. Ra1 Ra3 34. Qf3 Rc8 35. Bd2 h6 36. Qe4 Re8 37. Bc1 Raa8 38. a4 Qh4 39. Bd2 h5 40. Be1 Qh3 41. Qf4 hxg4 42. d5 Rac8 43. Bg3 Rc2 44. Qf1 Qh7 45. Qf4 Qd3 46. Qd4 Qe2 47. Qe4 Rec8 48. Re1 Rc1 49. Qg2 Rxe1+ 50. Bxe1 Qxe1+ 51. Qg1 Qd2 52. d6 Rc1 53. Qxc1 Qxc1+ 54. Kg2 Qxe3 0-1

[Event "KEN-chT"]
[Site "Nairobi"]
[Date "2019.02.09"]
[Round "1.2"]
[White "Madol Panchol, James"]
[Black "Gaku, David"]
[Result "1-0"]
[WhiteElo "1992"]
[BlackElo "1515"]
[PlyCount "91"]
[EventDate "2019.02.09"]
[EventType "team-tourn"]
[EventRounds "27"]
[EventCountry "KEN"]
[SourceTitle "CBM 192 Extra"]
[Source "Chessbase"]
[SourceDate "2019.11.06"]
[SourceVersion "1"]
[SourceVersionDate "2019.11.06"]
[SourceQuality "1"]
[WhiteTeam "Equity"]
[BlackTeam "Kenyatta University"]
[WhiteTeamCountry "KEN"]
[BlackTeamCountry "KEN"]

1. e4 c5 2. Nf3 d6 3. d4 cxd4 4. Nxd4 Nf6 5. Nc3 a6 6. Be2 e5 7. Nf3 Be6 8. 0-0 Be7 9. Ng5 Bd7 10. Kh1 h6 11. Nf3 Nc6 12. Nh4 Nd4 13. Nf3 Nxe2 14. Qxe2 Bc6 15. Nd2 0-0 16. f4 exf4 17. Nf3 Qb6 18. Rb1 g5 19. Bd2 Rae8 20. Qd3 Bb5 21. Nxb5 Qxb5 22. c4 Qc6 23. Rbe1 Nd7 24. Nd4 Qc8 25. Nf5 Ne5 26. Qh3 Qe6 27. Nxh6+ Kg7 28. Nf5+ Kg8 29. Bc3 Qg6 30. c5 g4 31. Nh6+ Kg7 32. Nxg4 Rh8 33. Qf3 f6 34. Bxe5 dxe5 35. b4 Rh4 36. h3 Reh8 37. Nf2 R8h5 38. Rd1 Rg5 39. Rd7 Kf8 40. Qb3 Rxg2 41. Qe6 Rh7 42. Rxb7 Rxf2 43. Rb8+ Kg7 44. Rg8+ Kh6 45. Rxg6+ Kxg6 46. Rxf2 1-0

[Event "UGA-ch op"]
[Site "Kampala"]
[Date "2017.11.11"]
[Round "6"]
[White "Kizza, Faruk Fauza Karim"]
[Black "Madol Panchol, James"]
[Result "1-0"]
[WhiteElo "2115"]
[BlackElo "1942"]
[PlyCount "37"]
[EventDate "2017.11.09"]
[EventType "swiss"]
[EventRounds "8"]
[EventCountry "UGA"]
[SourceTitle "EXT 2019"]
[Source "ChessBase"]
[SourceDate "2018.10.10"]
[SourceVersion "1"]
[SourceVersionDate "2018.10.10"]
[SourceQuality "1"]

1. Nf3 d5 2. g3 Nc6 3. d4 Bg4 4. Bg2 Qd7 5. h3 Bf5 6. c3 0-0-0 7. Nbd2 f6 8. b4 Qd6 9. b5 Nb8 10. Qa4 e5 11. e3 e4 12. Ng1 Bd7 13. Qb3 Be6 14. a4 Nh6 15. Ba3 Qd7 16. Bxf8 Rhxf8 17. Ne2 g5 18. Qb4 f5 19. a5 1-0

[Event "Nairobi Capablanca Cup 6th"]
[Site "Nairobi"]
[Date "2016.02.21"]
[Round "6"]
[White "Madol Panchol, James"]
[Black "Gilruth, Peter"]
[Result "1-0"]
[WhiteElo "1998"]
[BlackElo "2164"]
[PlyCount "58"]
[EventDate "2016.02.20"]
[EventType "swiss"]
[EventRounds "6"]
[EventCountry "KEN"]
[SourceTitle "CBM 171 Extra"]
[Source "ChessBase"]
[SourceDate "2016.04.26"]
[SourceVersion "1"]
[SourceVersionDate "2016.04.26"]
[SourceQuality "1"]

1. e4 c6 2. d4 d5 3. exd5 cxd5 4. f4 Nf6 5. Nf3 Bf5 6. Bd3 Bxd3 7. Qxd3 e6 8. Nbd2 Bd6 9. Ne5 0-0 10. 0-0 Nc6 11. c3 Qc7 12. Rf3 Nd7 13. Rh3 g6 14. Qg3 Ndxe5 15. fxe5 Be7 16. Nf3 f5 17. Bg5 Rf7 18. Qh4 Qd8 19. Re1 Rc8 20. Bf6 Rc7 21. Ng5 Bxf6 22. exf6 Qd6 23. Rxe6 Qf8 24. Rhe3 Rc8 25. Nxf7 Qxf7 26. Qh6 Rf8 27. Re7 Nxe7 28. Rxe7 Kh8 29. Rxf7 Rxf7 1-0

[Event "Nairobi Capablanca Cup 6th"]
[Site "Nairobi"]
[Date "2016.02.21"]
[Round "4"]
[White "Madol Panchol, James"]
[Black "Njoroge, Martin"]
[Result "0-1"]
[WhiteElo "1998"]
[BlackElo "1752"]
[PlyCount "88"]
[EventDate "2016.02.20"]
[EventType "swiss"]
[EventRounds "6"]
[EventCountry "KEN"]
[SourceTitle "CBM 171 Extra"]
[Source "ChessBase"]
[SourceDate "2016.04.26"]
[SourceVersion "1"]
[SourceVersionDate "2016.04.26"]
[SourceQuality "1"]

1. e4 c5 2. Nf3 e6 3. Be2 Nc6 4. d4 cxd4 5. Nxd4 Nf6 6. Nxc6 bxc6 7. Bd3 Qc7 8. 0-0 Be7 9. f4 0-0 10. e5 Nd5 11. Qh5 g6 12. Qh6 f5 13. a3 a5 14. Kh1 c5 15. c4 Nb6 16. Nd2 Bb7 17. Nf3 Rf7 18. Be3 Bf8 19. Qh3 h6 20. Qg3 Rg7 21. Rad1 Be7 22. Qh3 Rh7 23. Rd2 Rf8 24. Rfd1 Rff7 25. Bf1 g5 26. Qg3 g4 27. Ne1 h5 28. Qf2 h4 29. b4 axb4 30. axb4 Bf8 31. Bxc5 Bxc5 32. Qxc5 Qxc5 33. bxc5 Na4 34. Nd3 h3 35. Rc1 g3 36. Rcc2 Be4 37. Ra2 Nc3 38. Rab2 Rf8 39. Rb3 Nd1 40. c6 dxc6 41. Nc5 hxg2+ 42. Bxg2 Nf2+ 43. Rxf2 gxf2 44. Nxe4 fxe4 0-1

[Event "KEN-ch"]
[Site "Nairobi"]
[Date "2015.12.11"]
[Round "2"]
[White "Timothy, Omondi"]
[Black "Madol Panchol, James"]
[Result "1-0"]
[WhiteElo "1596"]
[BlackElo "2030"]
[PlyCount "81"]
[EventDate "2015.12.11"]
[EventType "swiss"]
[EventRounds "8"]
[EventCountry "KEN"]
[SourceTitle "CBM 170 Extra"]
[Source "ChessBase"]
[SourceDate "2016.02.25"]
[SourceVersion "1"]
[SourceVersionDate "2016.02.25"]
[SourceQuality "1"]

1. e4 c6 2. d4 d5 3. e5 Bf5 4. Ne2 e6 5. Ng3 Bg6 6. h4 h6 7. h5 Bh7 8. Bd3 Bxd3 9. Qxd3 Qc7 10. Nd2 c5 11. c3 Nc6 12. 0-0 0-0-0 13. Nf3 Kb8 14. Be3 c4 15. Qc2 f5 16. b3 Na5 17. b4 Nc6 18. a4 Nce7 19. Rfb1 g5 20. hxg6 h5 21. Ng5 h4 22. Nxe6 Qc6 23. Nxd8 Qxg6 24. Nf1 Bh6 25. Bxh6 Nxh6 26. Nxb7 Kxb7 27. b5 Rg8 28. f3 Qh5 29. Qf2 f4 30. a5 h3 31. g3 fxg3 32. Nxg3 Nhf5 33. Kh2 Rxg3 34. Rg1 Rxf3 35. Qe2 Nh4 36. Rgf1 Qf7 37. Kh1 Qf4 38. Rxf3 Nxf3 39. Rf1 Nxd4 40. cxd4 Qxd4 41. Rf7 1-0